| 000 | 00881cam a22002893a 4500 | ||
|---|---|---|---|
| 001 | 17135 | ||
| 003 | PGUSA | ||
| 005 | 20140828083350.0 | ||
| 008 | 051122s2005||||xxu|||||s|||||000 p eng d | ||
| 040 |
_aPGUSA _beng |
||
| 042 | _adc | ||
| 050 | 4 | _aPS | |
| 050 | 4 | _aPZ | |
| 100 | 1 |
_aMoore, Clement Clarke, _d1779-1863 |
|
| 245 | 1 | 0 |
_aTwas the Night before Christmas : _bA Visit from St. Nicholas _h[electronic resource] / _cClement Clarke Moore |
| 260 |
_bProject Gutenberg, _c2005 |
||
| 506 | _aPublic domain in the USA. | ||
| 516 | _aElectronic text | ||
| 653 | _aSanta Claus -- Juvenile poetry | ||
| 653 | _aNarrative poetry | ||
| 653 | _aChildren's poetry, American | ||
| 653 | _aChristmas -- Juvenile poetry | ||
| 700 | 1 |
_aSmith, Jessie Willcox, _d1863-1935 |
|
| 830 | 0 |
_aProject Gutenberg _v17135 |
|
| 856 | 4 | 0 | _uhttp://www.gutenberg.org/ebooks/17135 |
| 942 | _cEB | ||
| 999 |
_c246390 _d246390 |
||